[Event "DEM U14 2025"]
[Site "Willingen GER"]
[Date "2025.06.09"]
[Round "3"]
[White "Sydykov, Bayastan"]
[Black "Zhang, Yibo"]
[Result "1/2-1/2"]
[Termination "normal"]
[Board "4"]
[WhiteTitle "FM"]
[WhiteElo "2301"]
[BlackElo "2014"]
[WhiteClock "00:18:20"]
[BlackClock "00:26:16"]
[PlyCount "84"]
[WhiteFideId "13829610"]
[BlackFideId "16287657"]
[EventCountry "GER"]
[EventRounds "9"]
[EventType "swiss"]
[EventDate "2025.06.07"]

1. e4 {[%clk 01:30:56]} {[%emt 00:00:03]} e5 {[%clk 01:30:17]} {[%emt
00:00:43]} 2. Nf3 {[%clk 01:31:11]} {[%emt 00:00:15]} Nc6 {[%clk 01:30:43]}
{[%emt 00:00:04]} 3. Bb5 {[%clk 01:31:24]} {[%emt 00:00:17]} a6 {[%clk
01:31:08]} {[%emt 00:00:05]} 4. Ba4 {[%clk 01:31:49]} {[%emt 00:00:05]} Nf6
{[%clk 01:31:22]} {[%emt 00:00:16]} 5. Nc3 {[%clk 01:31:47]} {[%emt 00:00:32]}
Bb4 {[%clk 01:29:44]} {[%emt 00:02:08]} 6. Nd5 {[%clk 01:26:46]} {[%emt
00:05:32]} Be7 {[%clk 01:13:21]} {[%emt 00:16:53]} 7. d4 {[%clk 01:08:11]}
{[%emt 00:19:04]} exd4 {[%clk 00:55:06]} {[%emt 00:18:45]} 8. Bf4 {[%clk
01:00:47]} {[%emt 00:07:54]} d6 {[%clk 00:52:38]} {[%emt 00:02:58]} 9. Nxd4
{[%clk 00:57:01]} {[%emt 00:04:16]} Bd7 {[%clk 00:52:23]} {[%emt 00:00:45]} 10.
Nxc6 {[%clk 00:54:43]} {[%emt 00:02:48]} Bxc6 {[%clk 00:49:18]} {[%emt
00:03:34]} 11. Bxc6+ {[%clk 00:51:04]} {[%emt 00:04:10]} bxc6 {[%clk 00:49:46]}
{[%emt 00:00:02]} 12. Nxe7 {[%clk 00:46:17]} {[%emt 00:05:17]} Qxe7 {[%clk
00:50:05]} {[%emt 00:00:10]} 13. O-O {[%clk 00:46:15]} {[%emt 00:00:32]} O-O
{[%clk 00:46:49]} {[%emt 00:03:46]} 14. Re1 {[%clk 00:46:19]} {[%emt 00:00:27]}
Nd7 {[%clk 00:44:59]} {[%emt 00:02:19]} 15. Qd2 {[%clk 00:41:36]} {[%emt
00:05:14]} Qf6 {[%clk 00:41:09]} {[%emt 00:04:19]} 16. b3 {[%clk 00:33:24]}
{[%emt 00:08:43]} Rfe8 {[%clk 00:37:42]} {[%emt 00:03:57]} 17. Bg3 {[%clk
00:32:29]} {[%emt 00:01:25]} Rxe4 {[%clk 00:34:40]} {[%emt 00:03:32]} 18. Qa5
{[%clk 00:21:38]} {[%emt 00:11:22]} Rae8 {[%clk 00:33:25]} {[%emt 00:01:44]}
19. Rf1 {[%clk 00:21:04]} {[%emt 00:01:04]} Nc5 {[%clk 00:31:50]} {[%emt
00:02:03]} 20. Rad1 {[%clk 00:19:42]} {[%emt 00:01:53]} R4e7 {[%clk 00:29:42]}
{[%emt 00:02:38]} 21. f3 {[%clk 00:13:12]} {[%emt 00:07:01]} Qb2 {[%clk
00:21:53]} {[%emt 00:08:18]} 22. Bf2 {[%clk 00:09:22]} {[%emt 00:04:21]} Qxc2
{[%clk 00:20:34]} {[%emt 00:01:49]} 23. Rd2 {[%clk 00:09:23]} {[%emt 00:00:30]}
Qg6 {[%clk 00:18:53]} {[%emt 00:02:10]} 24. Bxc5 {[%clk 00:09:32]} {[%emt
00:00:21]} dxc5 {[%clk 00:12:34]} {[%emt 00:06:48]} 25. Qxa6 {[%clk 00:09:33]}
{[%emt 00:00:30]} h6 {[%clk 00:12:08]} {[%emt 00:00:56]} 26. Qc4 {[%clk
00:06:51]} {[%emt 00:03:13]} Qg5 {[%clk 00:10:28]} {[%emt 00:02:09]} 27. Rc2
{[%clk 00:05:56]} {[%emt 00:01:25]} Qe3+ {[%clk 00:09:42]} {[%emt 00:01:15]}
28. Kh1 {[%clk 00:06:21]} {[%emt 00:00:06]} Re5 {[%clk 00:09:02]} {[%emt
00:01:09]} 29. h3 {[%clk 00:06:21]} {[%emt 00:00:31]} Rd8 {[%clk 00:08:10]}
{[%emt 00:01:23]} 30. f4 {[%clk 00:03:40]} {[%emt 00:03:11]} Red5 {[%clk
00:06:41]} {[%emt 00:01:58]} 31. Qe2 {[%clk 00:02:05]} {[%emt 00:02:05]} Qxe2
{[%clk 00:03:58]} {[%emt 00:03:14]} 32. Rxe2 {[%clk 00:02:34]} Rd1 {[%clk
00:03:19]} {[%emt 00:01:09]} 33. Kg1 {[%clk 00:01:09]} {[%emt 00:01:55]} Rxf1+
{[%clk 00:02:57]} {[%emt 00:00:52]} 34. Kxf1 {[%clk 00:01:38]} c4 {[%clk
00:01:39]} {[%emt 00:01:49]} 35. bxc4 {[%clk 00:00:35]} {[%emt 00:01:32]} Rd4
{[%clk 00:01:33]} {[%emt 00:00:36]} 36. Rc2 {[%clk 00:00:35]} {[%emt 00:00:30]}
Rxf4+ {[%clk 00:01:55]} {[%emt 00:00:08]} 37. Ke2 {[%clk 00:01:01]} {[%emt
00:00:04]} Rf5 {[%clk 00:01:59]} {[%emt 00:00:25]} 38. a4 {[%emt 00:01:03]} Ra5
{[%clk 00:02:15]} 39. Ra2 {[%clk 00:01:08]} {[%emt 00:00:04]} f5 {[%clk
00:02:11]} {[%emt 00:00:34]} 40. Ke3 {[%clk 00:00:39]} {[%emt 00:01:00]} Kf7
{[%clk 00:00:48]} {[%emt 00:01:53]} 41. Kd4 {[%clk 00:27:18]} {[%emt 00:03:52]}
Kf6 {[%clk 00:27:05]} {[%emt 00:04:12]} 42. c5 {[%clk 00:18:20]} {[%emt
00:09:27]} g5 {[%clk 00:26:16]} {[%emt 00:01:19]} 1/2-1/2

[Event "DEM U14 2025"]
[Site "Willingen GER"]
[Date "2025.06.09"]
[Round "3"]
[White "Böhler, Yannic"]
[Black "Polzin, Gustav"]
[Result "1-0"]
[Termination "normal"]
[Board "5"]
[WhiteElo "1711"]
[BlackElo "2075"]
[WhiteClock "00:29:53"]
[BlackClock "00:29:28"]
[PlyCount "85"]
[WhiteFideId "34609059"]
[BlackFideId "34603280"]
[EventCountry "GER"]
[EventRounds "9"]
[EventType "swiss"]
[EventDate "2025.06.07"]

1. c4 {[%clk 01:30:59]} c5 {[%clk 01:30:54]} {[%emt 00:00:07]} 2. g3 {[%clk
01:31:25]} {[%emt 00:00:03]} Nf6 {[%clk 01:31:14]} {[%emt 00:00:10]} 3. Bg2
{[%clk 01:31:54]} {[%emt 00:00:01]} d5 {[%clk 01:31:19]} {[%emt 00:00:26]} 4.
cxd5 {[%clk 01:32:21]} {[%emt 00:00:02]} Nxd5 {[%clk 01:31:42]} {[%emt
00:00:07]} 5. Nc3 {[%clk 01:32:48]} {[%emt 00:00:03]} Nc7 {[%clk 01:32:07]}
{[%emt 00:00:06]} 6. Nf3 {[%clk 01:33:14]} {[%emt 00:00:03]} Nc6 {[%clk
01:32:32]} {[%emt 00:00:05]} 7. O-O {[%clk 01:33:40]} {[%emt 00:00:04]} e5
{[%clk 01:32:54]} {[%emt 00:00:08]} 8. a3 {[%clk 01:34:07]} {[%emt 00:00:03]}
Rb8 {[%clk 01:33:19]} {[%emt 00:00:06]} 9. Rb1 {[%clk 01:34:31]} {[%emt
00:00:05]} Bf5 {[%clk 01:25:44]} {[%emt 00:08:06]} 10. d3 {[%clk 01:33:31]}
{[%emt 00:01:29]} a5 {[%clk 01:13:11]} {[%emt 00:13:04]} 11. Be3 {[%clk
01:32:18]} {[%emt 00:01:42]} Be7 {[%clk 01:11:10]} {[%emt 00:02:31]} 12. Nd2
{[%clk 01:30:01]} {[%emt 00:02:46]} Nd4 {[%clk 01:00:36]} {[%emt 00:11:06]} 13.
Rc1 {[%clk 01:24:59]} {[%emt 00:05:31]} b6 {[%clk 00:57:56]} {[%emt 00:03:10]}
14. Nc4 {[%clk 01:21:06]} {[%emt 00:04:23]} f6 {[%clk 00:53:48]} {[%emt
00:04:38]} 15. f4 {[%clk 01:16:38]} {[%emt 00:04:58]} O-O {[%clk 00:46:24]}
{[%emt 00:07:54]} 16. fxe5 {[%clk 01:09:07]} {[%emt 00:08:01]} fxe5 {[%clk
00:42:07]} {[%emt 00:04:48]} 17. Nxe5 {[%clk 01:07:07]} {[%emt 00:02:29]} Nce6
{[%clk 00:35:08]} {[%emt 00:07:28]} 18. Nc6 {[%clk 00:52:47]} {[%emt 00:14:49]}
Nxc6 {[%clk 00:35:19]} {[%emt 00:00:20]} 19. Bxc6 {[%clk 00:52:26]} {[%emt
00:00:52]} Bg5 {[%clk 00:30:22]} {[%emt 00:05:27]} 20. Bxg5 {[%clk 00:44:14]}
{[%emt 00:08:41]} Qxg5 {[%clk 00:30:03]} {[%emt 00:00:50]} 21. Bg2 {[%clk
00:16:26]} {[%emt 00:28:18]} Qe3+ {[%clk 00:24:26]} {[%emt 00:06:07]} 22. Kh1
{[%clk 00:16:50]} {[%emt 00:00:06]} Bg4 {[%clk 00:23:00]} {[%emt 00:01:56]} 23.
Nd5 {[%clk 00:10:31]} {[%emt 00:06:49]} Rxf1+ {[%clk 00:20:57]} {[%emt
00:02:33]} 24. Qxf1 {[%clk 00:10:01]} {[%emt 00:00:59]} Qg5 {[%clk 00:19:51]}
{[%emt 00:01:36]} 25. Nf4 {[%clk 00:07:13]} {[%emt 00:03:18]} Rf8 {[%clk
00:18:32]} {[%emt 00:01:48]} 26. Bd5 {[%clk 00:07:15]} {[%emt 00:00:29]} Qe5
{[%clk 00:15:05]} {[%emt 00:03:58]} 27. h3 {[%clk 00:02:18]} {[%emt 00:05:27]}
g5 {[%clk 00:11:01]} {[%emt 00:04:33]} 28. hxg4 {[%clk 00:02:17]} {[%emt
00:00:31]} gxf4 {[%clk 00:11:19]} {[%emt 00:00:13]} 29. Bxe6+ {[%clk 00:02:42]}
{[%emt 00:00:05]} Qxe6 {[%clk 00:11:47]} {[%emt 00:00:02]} 30. gxf4 {[%clk
00:02:00]} {[%emt 00:01:11]} Qh6+ {[%clk 00:11:54]} {[%emt 00:00:23]} 31. Kg1
{[%clk 00:00:42]} {[%emt 00:01:48]} Rxf4 {[%clk 00:11:08]} {[%emt 00:01:16]}
32. Qg2 {[%clk 00:01:11]} {[%emt 00:00:01]} Qe6 {[%clk 00:10:32]} {[%emt
00:01:07]} 33. Rc4 {[%clk 00:00:49]} {[%emt 00:00:52]} Qe3+ {[%clk 00:04:18]}
{[%emt 00:06:44]} 34. Kh1 {[%clk 00:01:17]} {[%emt 00:00:01]} Rf2 {[%clk
00:01:43]} {[%emt 00:03:05]} 35. Qd5+ {[%clk 00:01:24]} {[%emt 00:00:23]} Kg7
{[%clk 00:01:28]} {[%emt 00:00:45]} 36. Qb7+ {[%clk 00:00:40]} {[%emt
00:01:15]} Rf7 {[%clk 00:00:49]} {[%emt 00:01:09]} 37. Qg2 {[%clk 00:00:44]}
{[%emt 00:00:26]} Qh6+ {[%clk 00:00:37]} {[%emt 00:00:43]} 38. Kg1 {[%clk
00:01:07]} {[%emt 00:00:06]} Qh4 {[%clk 00:00:46]} {[%emt 00:00:20]} 39. Rc1
{[%clk 00:00:47]} {[%emt 00:00:51]} h5 {[%clk 00:00:34]} {[%emt 00:00:43]} 40.
Rf1 {[%clk 00:00:31]} {[%emt 00:00:45]} Re7 {[%clk 00:00:32]} {[%emt 00:00:32]}
41. gxh5+ {[%clk 00:29:30]} {[%emt 00:01:31]} Kh8 {[%clk 00:29:08]} {[%emt
00:01:54]} 42. Rf8+ {[%clk 00:29:55]} {[%emt 00:00:04]} Kh7 {[%clk 00:29:28]}
{[%emt 00:00:10]} 43. Qg6# {[%clk 00:29:53]} {[%emt 00:00:02]} 1-0

[Event "DEM U14 2025"]
[Site "Willingen GER"]
[Date "2025.06.09"]
[Round "3"]
[White "Mandalka, Justus"]
[Black "Lücke, Julius"]
[Result "1-0"]
[Termination "normal"]
[Board "6"]
[WhiteElo "2076"]
[BlackElo "1749"]
[WhiteClock "00:57:17"]
[BlackClock "00:01:01"]
[PlyCount "59"]
[WhiteFideId "16298144"]
[BlackFideId "34674977"]
[EventCountry "GER"]
[EventRounds "9"]
[EventType "swiss"]
[EventDate "2025.06.07"]

1. e4 {[%clk 01:30:57]} {[%emt 00:00:02]} c5 {[%clk 01:30:54]} {[%emt
00:00:07]} 2. Nf3 {[%clk 01:31:22]} {[%emt 00:00:05]} Nc6 {[%clk 01:31:19]}
{[%emt 00:00:05]} 3. d4 {[%clk 01:31:48]} {[%emt 00:00:04]} cxd4 {[%clk
01:31:44]} {[%emt 00:00:05]} 4. Nxd4 {[%clk 01:32:15]} {[%emt 00:00:04]} Nf6
{[%clk 01:32:02]} {[%emt 00:00:11]} 5. Nc3 {[%clk 01:32:41]} {[%emt 00:00:04]}
e5 {[%clk 01:32:22]} {[%emt 00:00:10]} 6. Ndb5 {[%clk 01:33:02]} {[%emt
00:00:09]} d6 {[%clk 01:32:43]} {[%emt 00:00:08]} 7. Nd5 {[%clk 01:33:29]}
{[%emt 00:00:04]} Nxd5 {[%clk 01:32:59]} {[%emt 00:00:14]} 8. exd5 {[%clk
01:33:54]} {[%emt 00:00:04]} Nb8 {[%clk 01:33:11]} {[%emt 00:00:18]} 9. a4
{[%clk 01:33:54]} {[%emt 00:00:30]} Be7 {[%clk 01:32:15]} {[%emt 00:01:27]} 10.
Bd3 {[%clk 01:33:33]} {[%emt 00:00:51]} O-O {[%clk 01:29:44]} {[%emt 00:03:01]}
11. O-O {[%clk 01:33:33]} {[%emt 00:00:30]} Nd7 {[%clk 01:24:13]} {[%emt
00:06:01]} 12. c3 {[%clk 01:33:20]} {[%emt 00:00:43]} a6 {[%clk 01:22:34]}
{[%emt 00:02:09]} 13. Na3 {[%clk 01:33:43]} {[%emt 00:00:08]} f5 {[%clk
01:20:09]} {[%emt 00:02:55]} 14. f4 {[%clk 01:31:31]} {[%emt 00:02:41]} g6
{[%clk 01:05:40]} {[%emt 00:14:59]} 15. Nc4 {[%clk 01:27:00]} {[%emt 00:05:01]}
e4 {[%clk 01:00:31]} {[%emt 00:05:39]} 16. Be2 {[%clk 01:26:44]} {[%emt
00:00:46]} Bf6 {[%clk 00:50:43]} {[%emt 00:10:18]} 17. Be3 {[%clk 01:23:37]}
{[%emt 00:03:36]} Qc7 {[%clk 00:37:27]} {[%emt 00:13:46]} 18. a5 {[%clk
01:20:52]} {[%emt 00:03:16]} Bg7 {[%clk 00:27:24]} {[%emt 00:10:33]} 19. Rc1
{[%clk 01:19:17]} {[%emt 00:02:04]} Nf6 {[%clk 00:25:05]} {[%emt 00:02:49]} 20.
Nb6 {[%clk 01:19:17]} {[%emt 00:00:31]} Rb8 {[%clk 00:21:24]} {[%emt 00:04:11]}
21. b4 {[%clk 01:18:28]} {[%emt 00:01:19]} Qe7 {[%clk 00:05:53]} {[%emt
00:16:00]} 22. Qb3 {[%clk 01:18:46]} {[%emt 00:00:12]} Ne8 {[%clk 00:04:59]}
{[%emt 00:01:24]} 23. Rfd1 {[%clk 01:18:50]} {[%emt 00:00:27]} Bd7 {[%clk
00:02:19]} {[%emt 00:03:10]} 24. c4 {[%clk 01:18:57]} {[%emt 00:00:23]} Rf7
{[%clk 00:01:20]} {[%emt 00:01:30]} 25. Rc2 {[%clk 01:13:31]} {[%emt 00:05:55]}
Nc7 {[%clk 00:01:12]} {[%emt 00:00:37]} 26. c5 {[%clk 01:05:00]} {[%emt
00:09:01]} g5 {[%clk 00:01:33]} {[%emt 00:00:10]} 27. Bh5 {[%clk 00:58:25]}
{[%emt 00:07:05]} gxf4 {[%clk 00:00:49]} {[%emt 00:01:15]} 28. cxd6 {[%clk
00:57:51]} {[%emt 00:01:04]} Qxd6 {[%clk 00:00:43]} {[%emt 00:00:34]} 29. Bxf7+
{[%clk 00:58:13]} {[%emt 00:00:09]} Kxf7 {[%clk 00:01:01]} {[%emt 00:00:12]}
30. Rxc7 {[%clk 00:57:17]} {[%emt 00:01:25]} 1-0

[Event "DEM U14 2025"]
[Site "Willingen GER"]
[Date "2025.06.09"]
[Round "3"]
[White "Ratushnyi, Viktor"]
[Black "Shevchenko, Igor"]
[Result "1/2-1/2"]
[Termination "normal"]
[Board "7"]
[WhiteElo "2057"]
[BlackElo "1882"]
[WhiteClock "00:09:12"]
[BlackClock "00:24:05"]
[PlyCount "64"]
[WhiteFideId "34167293"]
[BlackFideId "34634924"]
[EventCountry "GER"]
[EventRounds "9"]
[EventType "swiss"]
[EventDate "2025.06.07"]

1. e4 {[%clk 01:30:56]} {[%emt 00:00:02]} c6 {[%clk 01:30:53]} {[%emt
00:00:09]} 2. d4 {[%clk 01:31:19]} {[%emt 00:00:06]} d5 {[%clk 01:31:17]}
{[%emt 00:00:06]} 3. e5 {[%clk 01:31:45]} {[%emt 00:00:05]} Bf5 {[%clk
01:31:40]} {[%emt 00:00:07]} 4. h4 {[%clk 01:32:09]} {[%emt 00:00:05]} h5
{[%clk 01:32:03]} {[%emt 00:00:06]} 5. Bd3 {[%clk 01:32:35]} {[%emt 00:00:05]}
Bxd3 {[%clk 01:32:24]} {[%emt 00:00:09]} 6. Qxd3 {[%clk 01:33:00]} {[%emt
00:00:05]} Qa5+ {[%clk 01:32:35]} {[%emt 00:00:19]} 7. b4 {[%clk 01:32:42]}
{[%emt 00:00:48]} Qa6 {[%clk 01:32:48]} {[%emt 00:00:18]} 8. Qb3 {[%clk
01:32:19]} {[%emt 00:00:52]} e6 {[%clk 01:32:16]} {[%emt 00:01:02]} 9. Nf3
{[%clk 01:31:40]} {[%emt 00:01:09]} Ne7 {[%clk 01:28:40]} {[%emt 00:04:07]} 10.
Nc3 {[%clk 01:29:32]} {[%emt 00:02:37]} Nf5 {[%clk 01:23:00]} {[%emt 00:06:10]}
11. Ne2 {[%clk 01:29:45]} {[%emt 00:00:18]} Be7 {[%clk 01:13:08]} {[%emt
00:10:22]} 12. a4 {[%clk 01:29:22]} {[%emt 00:00:53]} Nd7 {[%clk 01:08:27]}
{[%emt 00:05:11]} 13. Bd2 {[%clk 01:17:20]} {[%emt 00:12:31]} O-O {[%clk
00:58:51]} {[%emt 00:10:07]} 14. Nf4 {[%clk 01:01:35]} {[%emt 00:16:14]} g6
{[%clk 00:57:47]} {[%emt 00:01:34]} 15. g3 {[%clk 01:01:15]} {[%emt 00:00:50]}
b6 {[%clk 00:57:01]} {[%emt 00:01:17]} 16. b5 {[%clk 00:51:57]} {[%emt
00:09:47]} Qb7 {[%clk 00:54:07]} {[%emt 00:03:25]} 17. bxc6 {[%clk 00:50:29]}
{[%emt 00:01:58]} Qxc6 {[%clk 00:54:30]} {[%emt 00:00:06]} 18. O-O {[%clk
00:49:57]} {[%emt 00:01:02]} Rfc8 {[%clk 00:54:35]} {[%emt 00:00:26]} 19. c3
{[%clk 00:49:32]} {[%emt 00:00:55]} Qc4 {[%clk 00:52:47]} {[%emt 00:02:17]} 20.
Qb2 {[%clk 00:41:22]} {[%emt 00:08:40]} Nb8 {[%clk 00:49:48]} {[%emt 00:03:29]}
21. Ne1 {[%clk 00:24:36]} {[%emt 00:17:16]} Nc6 {[%clk 00:48:47]} {[%emt
00:01:32]} 22. Nc2 {[%clk 00:24:55]} {[%emt 00:00:11]} Na5 {[%clk 00:48:25]}
{[%emt 00:00:51]} 23. Rfb1 {[%clk 00:23:09]} {[%emt 00:02:17]} Bf8 {[%clk
00:40:56]} {[%emt 00:07:59]} 24. Ne3 {[%clk 00:13:23]} {[%emt 00:10:15]} Nxe3
{[%clk 00:40:52]} {[%emt 00:00:34]} 25. fxe3 {[%clk 00:13:45]} {[%emt
00:00:08]} Bh6 {[%clk 00:33:59]} {[%emt 00:07:23]} 26. Qb5 {[%clk 00:09:42]}
{[%emt 00:04:33]} Bxf4 {[%clk 00:31:09]} {[%emt 00:03:20]} 27. exf4 {[%clk
00:10:08]} {[%emt 00:00:04]} Qxb5 {[%clk 00:31:12]} {[%emt 00:00:28]} 28. axb5
{[%clk 00:09:49]} {[%emt 00:00:48]} Kf8 {[%clk 00:27:33]} {[%emt 00:04:09]} 29.
Kf2 {[%clk 00:09:42]} {[%emt 00:00:36]} Ke8 {[%clk 00:26:34]} {[%emt 00:01:30]}
30. Ke2 {[%clk 00:09:52]} {[%emt 00:00:20]} Kd7 {[%clk 00:26:01]} {[%emt
00:01:03]} 31. Kd3 {[%clk 00:10:06]} {[%emt 00:00:16]} Kc7 {[%clk 00:25:10]}
{[%emt 00:01:21]} 32. Bc1 {[%clk 00:09:12]} {[%emt 00:01:24]} Kb7 {[%clk
00:24:05]} {[%emt 00:01:35]} 1/2-1/2

[Event "DEM U14 2025"]
[Site "Willingen GER"]
[Date "2025.06.09"]
[Round "3"]
[White "Jahn, Gustav"]
[Black "Stephanblome, Felix"]
[Result "0-1"]
[Termination "normal"]
[Board "8"]
[WhiteElo "1983"]
[BlackElo "2022"]
[WhiteClock "00:57:02"]
[BlackClock "00:30:50"]
[PlyCount "56"]
[WhiteFideId "34666605"]
[BlackFideId "34661026"]
[EventCountry "GER"]
[EventRounds "9"]
[EventType "swiss"]
[EventDate "2025.06.07"]

1. e4 {[%clk 01:30:57]} {[%emt 00:00:02]} e5 {[%clk 01:30:53]} {[%emt
00:00:07]} 2. Nf3 {[%clk 01:31:22]} {[%emt 00:00:05]} Nc6 {[%clk 01:31:18]}
{[%emt 00:00:05]} 3. Bc4 {[%clk 01:31:46]} {[%emt 00:00:06]} Bc5 {[%clk
01:31:41]} {[%emt 00:00:07]} 4. c3 {[%clk 01:32:10]} {[%emt 00:00:07]} Nf6
{[%clk 01:32:05]} {[%emt 00:00:06]} 5. d3 {[%clk 01:32:34]} {[%emt 00:00:06]}
d6 {[%clk 01:32:23]} {[%emt 00:00:11]} 6. O-O {[%clk 01:32:52]} {[%emt
00:00:12]} O-O {[%clk 01:32:43]} {[%emt 00:00:10]} 7. h3 {[%clk 01:33:14]}
{[%emt 00:00:08]} h6 {[%clk 01:32:40]} {[%emt 00:00:33]} 8. Re1 {[%clk
01:33:30]} {[%emt 00:00:14]} a5 {[%clk 01:31:46]} {[%emt 00:01:24]} 9. a4
{[%clk 01:33:15]} {[%emt 00:00:45]} Be6 {[%clk 01:31:05]} {[%emt 00:01:11]} 10.
Nbd2 {[%clk 01:33:04]} {[%emt 00:00:41]} Ba7 {[%clk 01:26:38]} {[%emt
00:04:57]} 11. Qb3 {[%clk 01:32:05]} {[%emt 00:01:29]} Qd7 {[%clk 01:25:54]}
{[%emt 00:01:14]} 12. Nf1 {[%clk 01:29:21]} {[%emt 00:03:14]} Rfe8 {[%clk
01:16:06]} {[%emt 00:10:18]} 13. Bxe6 {[%clk 01:18:09]} {[%emt 00:11:41]} fxe6
{[%clk 01:11:14]} {[%emt 00:05:22]} 14. Be3 {[%clk 01:16:28]} {[%emt 00:02:11]}
Bxe3 {[%clk 01:09:36]} {[%emt 00:02:09]} 15. fxe3 {[%clk 01:15:33]} {[%emt
00:01:25]} d5 {[%clk 01:06:57]} {[%emt 00:03:10]} 16. exd5 {[%clk 01:15:37]}
{[%emt 00:00:25]} exd5 {[%clk 01:06:50]} {[%emt 00:00:37]} 17. e4 {[%clk
01:15:53]} {[%emt 00:00:13]} Kh8 {[%clk 01:04:44]} {[%emt 00:02:37]} 18. Ng3
{[%clk 01:14:49]} {[%emt 00:01:34]} b6 {[%clk 01:01:11]} {[%emt 00:04:04]} 19.
Nh4 {[%clk 01:12:44]} {[%emt 00:02:34]} Ne7 {[%clk 00:54:08]} {[%emt 00:07:34]}
20. exd5 {[%clk 01:11:59]} {[%emt 00:01:14]} g5 {[%clk 00:47:32]} {[%emt
00:07:05]} 21. Nf3 {[%clk 01:09:05]} {[%emt 00:03:24]} Ng6 {[%clk 00:47:33]}
{[%emt 00:00:29]} 22. c4 {[%clk 01:07:33]} {[%emt 00:02:03]} g4 {[%clk
00:46:24]} {[%emt 00:01:40]} 23. hxg4 {[%clk 01:07:38]} {[%emt 00:00:24]} Qxg4
{[%clk 00:46:45]} {[%emt 00:00:09]} 24. Ne4 {[%clk 01:06:55]} {[%emt 00:01:13]}
Nf4 {[%clk 00:36:38]} {[%emt 00:10:37]} 25. Qc2 {[%clk 01:04:30]} {[%emt
00:02:55]} N6h5 {[%clk 00:31:42]} {[%emt 00:05:25]} 26. Nh2 {[%clk 01:03:02]}
{[%emt 00:01:59]} Nh3+ {[%clk 00:31:32]} {[%emt 00:00:39]} 27. Kf1 {[%clk
00:58:49]} {[%emt 00:04:43]} Rf8+ {[%clk 00:31:12]} {[%emt 00:00:51]} 28. Nf3
{[%clk 00:57:02]} {[%emt 00:02:17]} Rxf3+ {[%clk 00:30:50]} {[%emt 00:00:51]}
0-1